แสดงรายละเอียดบรรณานุกรม
  กลับหน้าหลัก

Brief Record : Get Marc (ISO 2709) : E-mail record : QR code ปิดหน้าต่าง
LEADER 00000nama 2200000uu 4500
001    192711
003     ULIBM
008    040531s|||| th m m a000 0 tha d
020    974-506-560-9
041    tha
050    วจ WX153 ค759ค 2548
100    เครือวัลย์ เก้าเอี้ยน และกนกนาค หงสกุล.
245    ความพอใจต่อคุณภาพและบริการอาหารสำหรับผู้ป่วยโดยเอกชนเป็นผู้ดำเนินการแบบจ้างเหมา : กรณีศึกษาเฉพาะโรงพยาบาลสังกัดสำนักงานปลัดกระทรวงสาธารณสุขที่ได้โอนให้เอกชนดำเนินการแบบจ้างเหมา.
260    นนทบุรี. สำนักพัฒนาระบบบริการสุขภาพ. 2548.
300    57 หน้า.
600    โรงพยาบาล--ความพอใจของผู้ใช้บริการ.
650    บริการของโรงพยาบาล--ไทย.
995    004
รายการนี้ยังไม่มีแท็ก
คุณยังไม่ได้ล็อกอิน คุณสามารถมีกิจกรรมร่วมกับเว็บไซต์ได้ แต่ต้องล็อกอินก่อน ::
  ล็อกอิน
ลำดับที่ ประเภท เลขเรียก สถานที่ สถานะ
1. งานวิจัย
งานวิจัย
วจ WX153 ค759ค 2548  
  
หนังสือทั่วไป On Shelf
  ขอยืม
   [แสดง 1/1 รายการ]

BibComment


ยังไม่เคยถูกคอมเมนท์

คอมเมนท์ทรัพยากรรายการนี้
  คอมเมนท์: ความพอใจต่อคุณภาพ..
Bib 192711

 
 
 

 Union Library Management : ULibM
Copyright 2026. All Rights Reserved.
скачать бесплатно без регистрации порно красивый секс HD Sex Hindi sex

xxx gou

xxxx

bfxxx

xxxwww

Секса Видео

xxxx

Секса Видео

detube

geilexxx

C99 Shell

worms shell

blod xxx video
Ebony Coed Rihanna Rimes Takes A Dick In Her Young Twat priyaa indian fuck anal and pusssy hardcore indian women xxx desi hardcore fucking part 1 bengalixxxcouple